000 00708nam a2200241Ia 4500
003 OSt
005 20220918230452.0
006 a|||||r|||| 00| 0
007 ta
008 220917b |||||||| |||| 00| 0 eng d
024 _a254,001
037 _cTextual
040 _aARTS
_cARTS
_beng
041 _2eng
_aeng
082 _aV466:1:N3, K0
100 _aZeine Zeine N.
_9152679
245 0 _aStruggle for Arab independence
_b Western diplomacy and the rise and fall of Faisal's kingdom in Syria
260 _aRue
_bBliss Khayat's
_c1960
300 _axiii,297p. Plates4
_ccm.
650 _aHISTORY
942 _hV466:1:N3, K0
_cTEXL
_2CC
999 _c288125
_d288125